Barons Of Banking (Record no. 336293)

MARC details
000 -LEADER
fixed length control field 00490nam a2200169Ia 4500
008 - FIXED-LENGTH DATA ELEMENTS--GENERAL INFORMATION
fixed length control field 230718s9999 xx 000 0 und d
020 ## - INTERNATIONAL STANDARD BOOK NUMBER
International Standard Book Number 9788184003499
041 ## - LANGUAGE CODE
Language code of text/sound track or separate title eng
082 ## - DEWEY DECIMAL CLASSIFICATION NUMBER
Classification number 346.410
Item number DAD
100 ## - MAIN ENTRY--PERSONAL NAME
Personal name Dadabhoy B.K.
9 (RLIN) 196084
245 ## - TITLE STATEMENT
Title Barons Of Banking
Remainder of title Glimpses Of India Banking History
260 ## - PUBLICATION, DISTRIBUTION, ETC. (IMPRINT)
Date of publication, distribution, etc. 2013
Name of publisher, distributor, etc. Random House India
300 ## - PHYSICAL DESCRIPTION
Extent 478
365 ## - TRADE PRICE
Currency code Rs.
Price amount 599.00
700 ## - ADDED ENTRY--PERSONAL NAME
Personal name Dadabhoy B.K.
9 (RLIN) 196084
906 ## - LOCAL DATA ELEMENT F, LDF (RLIN)
d O:0389303-Jun-2014B:561810-Apr-2014
c GENRL
b 131.78
Holdings
Withdrawn status Lost status Damaged status Not for loan Home library Current library Date acquired Vendor Budget Code Cost, normal purchase price Bill number Total Checkouts Full call number Barcode Date last seen Discount Cost, replacement price Bill Date Koha item type Original Barcode
        Cummins College of Engineering for Women Pune Cummins College of Engineering for Women Pune 03/06/2014 Technical Book Services GENRL 467.22 5618   346.410 CCEP-BK-47500 18/07/2023 131.78 599.00 10/04/2014 Books 047500